Vêtements... Niveau très très très simple - Statistiques

Statistiques générales
  • Ce quiz a été pris 151 fois
  • Le résultat moyen est 12 sur 13
Statistiques - réponses
Par images Réponse % Correct
Jupe
99%
Jean
98%
Robe
97%
Chemise
96%
Chaussette
95%
Pull
95%
Short
95%
Écharpe
94%
Chaussure
90%
Claquette
90%
Manteau
87%
Moufle
79%
T-shirt
78%
Aucun quiz correspondant
Distribution des résultats
% des personnes avec chaque résultat
Percentile par nombre de réponses
Votre historique - résultats
Vous n’avez pas pris ce quiz